[Event "CZE-chT 0001"]
[Site "Czech Republic"]
[Date "2001.01.14"]
[Round "5"]
[White "Kopjonkin, Gennady"]
[Black "Jedlicka, Ales"]
[Result "1-0"]
[WhiteElo "2364"]
[BlackElo "2288"]
[PlyCount "53"]
[EventDate "2000.11.19"]
[EventType "team-tourn"]
[EventRounds "11"]
[EventCountry "CZE"]
[SourceTitle "EXT 2019"]
[Source "ChessBase"]
[SourceDate "2018.10.10"]
[SourceVersion "1"]
[SourceVersionDate "2018.10.10"]
[SourceQuality "1"]
[WhiteTeam "Praha Holdia"]
[BlackTeam "Kolin SK Sokol"]
[WhiteTeamCountry "CZE"]
[BlackTeamCountry "CZE"]

1. d4 Nf6 2. c4 g6 3. Nc3 Bg7 4. e4 d6 5. f4 c5 6. d5 0-0 7. Nf3 e6 8. Be2 exd5 9. cxd5 Re8 10. e5 dxe5 11. fxe5 Ng4 12. 0-0 Nxe5 13. Bf4 a6 14. a4 Bf5 15. Qd2 Nbd7 16. d6 Qa5 17. Rad1 c4 18. Nd5 Qxd2 19. Rxd2 Nd3 20. Bg3 Bh6 21. Ne7+ Rxe7 22. dxe7 Re8 23. Bd6 Be3+ 24. Kh1 N7c5 25. Bxc5 Bxd2 26. Bxd3 Bxd3 27. Nxd2 1-0

[Event "Steinitz Memorial-B 1st"]
[Site "Prague"]
[Date "2001.01.02"]
[Round "8"]
[White "Mozny, Milos"]
[Black "Kopjonkin, Gennady"]
[Result "1/2-1/2"]
[WhiteElo "2414"]
[BlackElo "2378"]
[PlyCount "29"]
[EventDate "2000.12.26"]
[EventType "tourn"]
[EventRounds "9"]
[EventCountry "CZE"]
[EventCategory "2"]
[SourceTitle "CBM 079 Extra"]
[Source "ChessBase"]
[SourceDate "2001.01.11"]
[SourceVersion "2"]
[SourceVersionDate "2001.01.25"]
[SourceQuality "1"]

1. Nf3 Nf6 2. c4 g6 3. g3 Bg7 4. Bg2 0-0 5. 0-0 d6 6. d4 Nc6 7. Nc3 a6 8. h3 Rb8 9. Be3 b5 10. Nd2 Bd7 11. d5 Na5 12. cxb5 axb5 13. b4 Nc4 14. Nxc4 bxc4 15. b5 1/2-1/2

[Event "SVK-ch op"]
[Site "Zvolen"]
[Date "2000.08.27"]
[Round "1"]
[White "Horvath, Mario"]
[Black "Kopjonkin, Gennady"]
[Result "0-1"]
[WhiteElo "2260"]
[BlackElo "2378"]
[PlyCount "80"]
[EventDate "2000.08.27"]
[EventType "swiss"]
[EventRounds "9"]
[EventCountry "SVK"]
[SourceTitle "EXT 2001"]
[Source "ChessBase"]
[SourceDate "2000.11.22"]
[SourceVersion "1"]
[SourceVersionDate "2000.11.22"]
[SourceQuality "1"]

1. d4 Nf6 2. c4 c5 3. d5 b5 4. cxb5 a6 5. bxa6 g6 6. Nc3 Bxa6 7. e4 Bxf1 8. Kxf1 d6 9. Nf3 Nbd7 10. h3 Bg7 11. Kg1 0-0 12. Kh2 Qa5 13. Re1 Rfb8 14. a3 Rb7 15. Re2 Ne8 16. Rc2 Qa6 17. Qe2 Nc7 18. Qxa6 Rxa6 19. Ra2 Ra8 20. Bf4 f5 21. e5 dxe5 22. Bg5 Kf7 23. Be3 h6 24. g3 g5 25. g4 e4 26. Ng1 Bxc3 27. bxc3 f4 28. Bc1 Nxd5 29. c4 N5b6 30. Rc3 Ra4 31. Re2 Rxc4 32. Rxc4 Nxc4 33. Rxe4 Nd6 34. Re2 e5 35. Ra2 Rb1 36. Rc2 Nb5 37. a4 Nd4 38. Rc4 Ke6 39. Ba3 Kd5 40. Rc3 Rxg1 0-1

[Event "Presov op"]
[Site "Presov"]
[Date "2000.??.??"]
[Round "4"]
[White "Kopjonkin, Gennady"]
[Black "Hagara, Eduard"]
[Result "1/2-1/2"]
[WhiteElo "2378"]
[BlackElo "2373"]
[PlyCount "116"]
[EventDate "2000.08.??"]
[EventType "swiss"]
[EventRounds "9"]
[EventCountry "SVK"]
[SourceTitle "EXT 2001"]
[Source "ChessBase"]
[SourceDate "2000.11.22"]
[SourceVersion "1"]
[SourceVersionDate "2000.11.22"]
[SourceQuality "1"]

1. d4 Nf6 2. c4 d6 3. Nc3 Nbd7 4. Nf3 g6 5. e4 e5 6. Be2 Bg7 7. 0-0 0-0 8. Qc2 exd4 9. Nxd4 Re8 10. Rd1 Nc5 11. f3 a5 12. Be3 Nh5 13. Ndb5 Bd7 14. Qd2 b6 15. Rac1 a4 16. Bf1 Ne6 17. g4 Nf6 18. e5 dxe5 19. g5 Bxb5 20. Qxd8 Raxd8 21. gxf6 Bc6 22. fxg7 Bxf3 23. Rxd8 Rxd8 24. Nxa4 f5 25. c5 f4 26. Bc4 Bd5 27. Bxd5 Rxd5 28. Bf2 b5 29. Nc3 Rd2 30. Re1 Ng5 31. Re2 Rd3 32. Nxb5 e4 33. Nc3 Nf3+ 34. Kg2 Nd2 35. Rxe4 Nxe4 36. Nxe4 Kxg7 37. a4 Kf7 38. c6 Rb3 39. Bd4 Rb4 40. Ng5+ Ke8 41. Ne6 Kf7 42. Ng5+ Ke8 43. Be5 Rxa4 44. Ne6 Rc4 45. Nxc7+ Kf7 46. b4 Rxb4 47. Nd5 Rc4 48. c7 Ke6 49. Nb6 Rc2+ 50. Kf3 Kxe5 51. c8Q Rxc8 52. Nxc8 h5 53. Ne7 g5 54. Nc6+ Kf5 55. Nd4+ Ke5 56. Nc6+ Kf5 57. Ne7+ Ke5 58. Nc6+ Kf5 1/2-1/2

[Event "Presov op"]
[Site "Presov"]
[Date "2000.??.??"]
[Round "9"]
[White "Kopjonkin, Gennady"]
[Black "Mashinskaya, Iulia"]
[Result "1-0"]
[WhiteElo "2378"]
[BlackElo "2335"]
[PlyCount "87"]
[EventDate "2000.08.??"]
[EventType "swiss"]
[EventRounds "9"]
[EventCountry "SVK"]
[SourceTitle "EXT 2001"]
[Source "ChessBase"]
[SourceDate "2000.11.22"]
[SourceVersion "1"]
[SourceVersionDate "2000.11.22"]
[SourceQuality "1"]

1. d4 d5 2. Nf3 Nf6 3. c4 c6 4. Nc3 dxc4 5. a4 Bf5 6. Nh4 Bc8 7. e3 e5 8. dxe5 Qxd1+ 9. Nxd1 Bb4+ 10. Bd2 Bxd2+ 11. Kxd2 Ne4+ 12. Ke1 Be6 13. f4 Na6 14. Nf2 Nac5 15. Nxe4 Nxe4 16. Nf3 c3 17. bxc3 Nxc3 18. Ra3 Ne4 19. Bd3 Bd5 20. Ke2 0-0 21. Rc1 Rac8 22. g4 f6 23. e6 Nd6 24. f5 c5 25. Nd2 c4 26. Bb1 b5 27. axb5 Nxb5 28. Ra5 a6 29. Ba2 Rc5 30. Rxa6 c3 31. Bxd5 Rxd5 32. Ne4 h5 33. Nxc3 Nxc3+ 34. Rxc3 hxg4 35. e4 Re5 36. Ke3 Rd8 37. Ra7 Kh7 38. Rd7 Ra8 39. Rd5 Ra5 40. Rcd3 g6 41. Rxe5 Rxe5 42. Rd5 Kg7 43. Rxe5 fxe5 44. Kd3 1-0

[Event "Voronezh op 3rd"]
[Site "Voronezh"]
[Date "1999.??.??"]
[Round "9"]
[White "Kopjonkin, Gennady"]
[Black "Itkis, Boris"]
[Result "1-0"]
[WhiteElo "2314"]
[BlackElo "2462"]
[PlyCount "61"]
[EventDate "1999.06.??"]
[EventType "swiss"]
[EventRounds "9"]
[EventCountry "RUS"]
[SourceTitle "EXT 2001"]
[Source "ChessBase"]
[SourceDate "2000.11.22"]
[SourceVersion "1"]
[SourceVersionDate "2000.11.22"]
[SourceQuality "1"]

1. d4 Nf6 2. Bg5 e6 3. e4 h6 4. Bxf6 Qxf6 5. Nc3 d6 6. Qd2 g5 7. 0-0-0 Bg7 8. g3 Nc6 9. Bb5 Bd7 10. Nge2 0-0-0 11. f4 a6 12. Bxc6 Bxc6 13. Rhf1 Qe7 14. Qe3 Kb8 15. Kb1 Rde8 16. Rd2 f5 17. e5 d5 18. Rc1 Bf8 19. Nd1 Bb5 20. Ndc3 Bd7 21. Nd1 Rd8 22. b3 c5 23. c4 gxf4 24. Nxf4 dxc4 25. dxc5 Qxc5 26. Rxc4 Qxe3 27. Nxe3 Bg7 28. Rcd4 Kc8 29. Nc4 Kc7 30. Rxd7+ Rxd7 31. Nxe6+ 1-0

[Event "Pardubice op2"]
[Site "Pardubice"]
[Date "1999.??.??"]
[Round "?"]
[White "Kopjonkin, Gennady"]
[Black "Ivanets, Vladimir"]
[Result "1/2-1/2"]
[WhiteElo "2308"]
[BlackElo "2265"]
[PlyCount "64"]
[EventDate "1999.07.??"]
[EventType "swiss"]
[EventRounds "9"]
[EventCountry "CZE"]
[SourceTitle "EXT 2000"]
[Source "ChessBase"]
[SourceDate "1999.11.16"]
[SourceVersion "1"]
[SourceVersionDate "1999.11.16"]
[SourceQuality "1"]

1. d4 b5 2. Nf3 Nf6 3. Bf4 Bb7 4. e3 a6 5. Be2 e6 6. 0-0 c5 7. c3 Be7 8. h3 0-0 9. Nbd2 Nc6 10. dxc5 Bxc5 11. Nb3 Be7 12. Bd6 Ne4 13. Bxe7 Qxe7 14. Nfd2 Nxd2 15. Qxd2 d5 16. a4 b4 17. cxb4 Nxb4 18. Na5 Nc6 19. Nxc6 Bxc6 20. b4 Qd7 21. Qc2 Rfc8 22. Qb3 Qb7 23. Rfc1 Rab8 24. Bf1 Bd7 25. b5 axb5 26. axb5 Rd8 27. Ra4 e5 28. Qa3 Be8 29. Ra7 Qb6 30. Ra6 Qb7 31. Ra7 Qb6 32. Ra6 Qb7 1/2-1/2

[Event "Pardubice op2"]
[Site "Pardubice"]
[Date "1999.??.??"]
[Round "?"]
[White "Kopjonkin, Gennady"]
[Black "Varitski, Igor"]
[Result "1-0"]
[WhiteElo "2308"]
[BlackElo "2352"]
[PlyCount "95"]
[EventDate "1999.07.??"]
[EventType "swiss"]
[EventRounds "9"]
[EventCountry "CZE"]
[SourceTitle "EXT 2000"]
[Source "ChessBase"]
[SourceDate "1999.11.16"]
[SourceVersion "1"]
[SourceVersionDate "1999.11.16"]
[SourceQuality "1"]

1. c4 f5 2. g3 Nf6 3. Bg2 g6 4. Nc3 Bg7 5. Nf3 0-0 6. d4 d6 7. 0-0 c6 8. d5 Bd7 9. Rb1 Na6 10. b3 Nc5 11. Bb2 a5 12. Nd4 Qb6 13. e3 Qa6 14. a3 cxd5 15. cxd5 Rfc8 16. Ba1 a4 17. b4 Nb3 18. Nxb3 axb3 19. Rxb3 Ng4 20. Re1 Rc7 21. h3 Ne5 22. Qe2 Qxe2 23. Nxe2 Rc2 24. f4 Nc4 25. Bxg7 Kxg7 26. Nd4 Ra2 27. Rc3 b5 28. Bf1 R2xa3 29. Rxa3 Rxa3 30. Bxc4 bxc4 31. Kf2 Kf6 32. Rc1 c3 33. Ke2 Bc8 34. Kd3 Bb7 35. Rxc3 Rxc3+ 36. Kxc3 Bxd5 37. b5 h6 38. b6 e5 39. Nb3 g5 40. Na5 exf4 41. exf4 gxf4 42. gxf4 Kg6 43. Kd4 Be4 44. b7 Bxb7 45. Nxb7 Kh5 46. Nxd6 Kh4 47. Nxf5+ Kxh3 48. Nxh6 1-0

[Event "Rymarov op"]
[Site "Rymarov"]
[Date "1999.??.??"]
[Round "?"]
[White "Krivoshey, Sergei"]
[Black "Kopjonkin, Gennady"]
[Result "1-0"]
[WhiteElo "2450"]
[BlackElo "2305"]
[PlyCount "112"]
[EventDate "1999.??.??"]
[EventType "swiss"]
[EventRounds "9"]
[EventCountry "CZE"]
[SourceTitle "EXT 2003"]
[Source "ChessBase"]
[SourceDate "2002.11.25"]
[SourceVersion "1"]
[SourceVersionDate "2002.11.25"]
[SourceQuality "1"]

1. d4 Nf6 2. Nf3 c5 3. d5 g6 4. Nc3 Bg7 5. e4 d6 6. Be2 0-0 7. Nd2 e6 8. Nc4 e5 9. a4 Ne8 10. 0-0 Nd7 11. a5 a6 12. Ra3 Qe7 13. Rb3 Nc7 14. Bg4 Rb8 15. Bh3 Rd8 16. g3 Ne8 17. Re1 Nb6 18. Bf1 Nxc4 19. Bxc4 Qc7 20. Ra3 Qe7 21. Bf1 Nf6 22. Bg5 h6 23. Bd2 Kh7 24. Bg2 h5 25. Qc1 Qf8 26. Na4 Bh6 27. f4 Re8 28. Nb6 Nd7 29. Rb3 Qe7 30. Nc4 Bg7 31. f5 Bf6 32. fxg6+ fxg6 33. Rf1 Rf8 34. Rbf3 b5 35. axb6 Nxb6 36. Na5 Bd7 37. b3 Bg4 38. R3f2 Bd7 39. Bh6 Bg7 40. Bg5 Qe8 41. Rxf8 Bxf8 42. Rf2 Bg7 43. Qf1 Nc8 44. Bh3 Kg8 45. Bxd7 Qxd7 46. Nc6 Ra8 47. Nd8 Ra7 48. Ne6 Qe8 49. Nxg7 Rxg7 50. Qxa6 Ra7 51. Qf1 Rf7 52. Rf6 Ra7 53. Bh6 Kh7 54. Rf8 Qe7 55. Be3 Ra1 56. Qxa1 Qxf8 1-0

[Event "Presov op"]
[Site "Presov"]
[Date "1999.??.??"]
[Round "6"]
[White "Petrienko, Vladimir"]
[Black "Kopjonkin, Gennady"]
[Result "1-0"]
[WhiteElo "2435"]
[BlackElo "2308"]
[PlyCount "69"]
[EventDate "1999.08.??"]
[EventType "swiss"]
[EventRounds "9"]
[EventCountry "SVK"]
[SourceTitle "EXT 2000"]
[Source "ChessBase"]
[SourceDate "1999.11.16"]
[SourceVersion "1"]
[SourceVersionDate "1999.11.16"]
[SourceQuality "1"]

1. e4 c5 2. Nc3 Nc6 3. Nf3 d6 4. d4 cxd4 5. Nxd4 Nf6 6. Bc4 Qb6 7. Nde2 e6 8. 0-0 Be7 9. a3 a6 10. Ba2 0-0 11. Kh1 Bd7 12. f4 Rac8 13. Qd3 Qc7 14. Qh3 b5 15. f5 exf5 16. exf5 Ne5 17. Bg5 Bc6 18. Nf4 Bb7 19. Rae1 Qd8 20. Re3 Rc5 21. Rg3 Kh8 22. Qh4 Bc8 23. Nh5 Nxh5 24. Bxe7 Nxg3+ 25. hxg3 Qe8 26. Ne4 Rxc2 27. Nf6 h6 28. Nxe8 Rxe8 29. Bd5 Rd2 30. Bf3 Bxf5 31. Bf6 Kg8 32. Qf4 Nxf3 33. Qxf5 Rf2 34. Rc1 gxf6 35. gxf3 1-0

[Event "Presov op"]
[Site "Presov"]
[Date "1999.??.??"]
[Round "8"]
[White "Plasgura, Petr"]
[Black "Kopjonkin, Gennady"]
[Result "0-1"]
[WhiteElo "2053"]
[BlackElo "2308"]
[PlyCount "107"]
[EventDate "1999.08.??"]
[EventType "swiss"]
[EventRounds "9"]
[EventCountry "SVK"]
[SourceTitle "EXT 2000"]
[Source "ChessBase"]
[SourceDate "1999.11.16"]
[SourceVersion "1"]
[SourceVersionDate "1999.11.16"]
[SourceQuality "1"]

1. e4 c5 2. c3 Nf6 3. e5 Nd5 4. d4 cxd4 5. Nf3 Nc6 6. Bc4 Nb6 7. Bb3 d5 8. cxd4 Bg4 9. Be3 e6 10. 0-0 Be7 11. Nc3 0-0 12. h3 Bh5 13. Qe2 Rc8 14. Na4 Nc4 15. Bxc4 dxc4 16. Rfd1 Nb4 17. Nc5 Qd5 18. a3 Bxc5 19. axb4 Bb6 20. g4 Bg6 21. Ne1 Rfd8 22. h4 h6 23. h5 Bh7 24. Ra3 Rd7 25. f4 Qe4 26. Nf3 a6 27. Qf2 Bd8 28. Rc3 Be7 29. Rdc1 Qd5 30. b3 Rdc7 31. g5 Bxb4 32. Rxc4 Rxc4 33. bxc4 Rxc4 34. Rxc4 Qxc4 35. gxh6 gxh6 36. f5 Bf8 37. f6 Qd3 38. Ne1 Qe4 39. Qg3+ Kh8 40. Ng2 Qb1+ 41. Kh2 Qd1 42. Nf4 Be4 43. Qg1 Qxg1+ 44. Kxg1 b5 45. Kf2 b4 46. Bc1 a5 47. Ke3 Bf5 48. Nd3 a4 49. Nc5 a3 50. Kd2 Bg4 51. Kc2 Bxh5 52. Kb3 Bd1+ 53. Kxb4 a2 54. Bb2 0-1

[Event "Voronezh op"]
[Site "Voronezh"]
[Date "1998.06.17"]
[Round "6"]
[White "Koziak, Vitali"]
[Black "Kopjonkin, Gennady"]
[Result "1/2-1/2"]
[WhiteElo "2415"]
[BlackElo "2335"]
[PlyCount "46"]
[EventDate "1998.06.??"]
[EventType "swiss"]
[EventRounds "9"]
[EventCountry "RUS"]
[SourceTitle "EXT 1999"]
[Source "ChessBase"]
[SourceDate "1998.11.16"]
[SourceVersion "1"]
[SourceVersionDate "1998.11.16"]
[SourceQuality "1"]

1. d4 Nf6 2. Nf3 g6 3. Bg5 Bg7 4. e3 d6 5. Be2 Ne4 6. Bh4 Nd7 7. 0-0 Ndf6 8. Nbd2 Nxd2 9. Nxd2 0-0 10. e4 Nd7 11. c3 Qe8 12. Qc2 e5 13. d5 f5 14. c4 Bh6 15. f3 Be3+ 16. Bf2 Bxf2+ 17. Rxf2 a5 18. exf5 Rxf5 19. Bd3 Rf8 20. Ne4 b6 21. Re1 Qe7 22. Qd2 Qg7 23. Bc2 Nf6 1/2-1/2

[Event "Zagorovsky Memorial op"]
[Site "Voronezh"]
[Date "1997.??.??"]
[Round "?"]
[White "Kopjonkin, Gennady"]
[Black "Petkevich, Jusefs"]
[Result "1/2-1/2"]
[WhiteElo "2355"]
[BlackElo "2455"]
[PlyCount "70"]
[EventDate "1997.??.??"]
[EventType "swiss"]
[EventRounds "9"]
[EventCountry "RUS"]
[SourceTitle "EXT 2000"]
[Source "ChessBase"]
[SourceDate "1999.11.16"]
[SourceVersion "1"]
[SourceVersionDate "1999.11.16"]
[SourceQuality "1"]

1. d4 Nf6 2. c4 g6 3. Nc3 Bg7 4. e4 d6 5. Nf3 0-0 6. Be2 e5 7. 0-0 Nc6 8. d5 Ne7 9. b4 a5 10. bxa5 Rxa5 11. Nd2 Nd7 12. Nb3 Ra8 13. a4 f5 14. f3 Kh8 15. Be3 Ng8 16. Qd2 Ndf6 17. c5 fxe4 18. fxe4 Ng4 19. Bxg4 Bxg4 20. Rxf8 Bxf8 21. a5 Bd7 22. Rf1 Be7 23. h3 Qe8 24. Kh2 h5 25. Rf3 Kg7 26. Rf1 Bb5 27. Rb1 Ba6 28. Rc1 Nf6 29. Qc2 h4 30. Nd2 Nh5 31. Nf3 Ng3 32. Bf2 Nf1+ 33. Kg1 Ng3 34. Kh2 Nf1+ 35. Kg1 Ng3 1/2-1/2

[Event "Frydek Mistek op"]
[Site "Frydek Mistek"]
[Date "1996.??.??"]
[Round "5"]
[White "Chernyshov, Konstantin"]
[Black "Kopjonkin, Gennady"]
[Result "1/2-1/2"]
[WhiteElo "2470"]
[BlackElo "2345"]
[PlyCount "30"]
[EventDate "1996.??.??"]
[EventType "swiss"]
[EventRounds "9"]
[EventCountry "CZE"]
[SourceTitle "EXT 1998"]
[Source "ChessBase"]
[SourceDate "1997.11.17"]
[SourceVersion "1"]
[SourceVersionDate "1997.11.17"]
[SourceQuality "1"]

1. c4 Nf6 2. Nc3 g6 3. e4 d6 4. g3 Bg7 5. Bg2 0-0 6. Nge2 c5 7. 0-0 Nc6 8. d3 a6 9. h3 Rb8 10. a4 Ne8 11. Be3 Nc7 12. d4 cxd4 13. Nxd4 Nxd4 14. Bxd4 Bxd4 15. Qxd4 b5 1/2-1/2

[Event "Decin op"]
[Site "Decin"]
[Date "1996.??.??"]
[Round "8"]
[White "Kopjonkin, Gennady"]
[Black "Ionescu, Doru Alexandru"]
[Result "0-1"]
[WhiteElo "2340"]
[BlackElo "2235"]
[PlyCount "82"]
[EventDate "1996.??.??"]
[EventType "swiss"]
[EventRounds "9"]
[EventCountry "CZE"]
[SourceTitle "CBM 053 Extra"]
[Source "ChessBase"]
[SourceDate "1996.09.01"]
[SourceVersion "1"]
[SourceVersionDate "1996.09.01"]
[SourceQuality "1"]

1. d4 c5 2. d5 Nf6 3. c4 g6 4. Nc3 d6 5. e4 Bg7 6. Bd3 0-0 7. h3 e6 8. Nge2 Na6 9. 0-0 Nc7 10. a4 exd5 11. cxd5 a6 12. f4 Re8 13. Ng3 Rb8 14. Qf3 b5 15. axb5 Nxb5 16. Nxb5 axb5 17. Bd2 Nd7 18. Bc3 Bxc3 19. bxc3 Qf6 20. e5 dxe5 21. f5 c4 22. Bc2 Qg7 23. Ne4 Rf8 24. Ra7 Rb7 25. Ra5 Rb6 26. Qe3 gxf5 27. Rxf5 Rg6 28. g4 Nb6 29. Ng3 Nxd5 30. Qd2 Nf4 31. Nh5 Rxg4+ 32. hxg4 Qxg4+ 33. Kf2 Qg2+ 34. Ke3 Qh3+ 35. Kf2 Bxf5 36. Nxf4 exf4 37. Bxf5 Qh2+ 38. Ke1 Qg1+ 39. Ke2 Re8+ 40. Be4 Rxe4+ 41. Kf3 Re3+ 0-1

[Event "Decin op"]
[Site "Decin"]
[Date "1996.??.??"]
[Round "6"]
[White "Kopjonkin, Gennady"]
[Black "Sergienko, Sergey"]
[Result "0-1"]
[WhiteElo "2340"]
[BlackElo "2425"]
[PlyCount "63"]
[EventDate "1996.??.??"]
[EventType "swiss"]
[EventRounds "9"]
[EventCountry "CZE"]
[SourceTitle "CBM 053 Extra"]
[Source "ChessBase"]
[SourceDate "1996.09.01"]
[SourceVersion "1"]
[SourceVersionDate "1996.09.01"]
[SourceQuality "1"]

1. d4 c5 2. d5 f5 3. e4 fxe4 4. Nc3 Nf6 5. f3 exf3 6. Nxf3 Na6 7. Bc4 Nc7 8. 0-0 d6 9. Bg5 Bg4 10. h3 Bh5 11. Rb1 Qd7 12. a4 h6 13. Be3 g5 14. Nb5 Bg7 15. Bxc5 a6 16. Nxd6+ exd6 17. Qe1+ Kd8 18. Bb6 Kc8 19. Qa5 g4 20. Nd4 gxh3 21. Bxc7 Qg4 22. Rf2 Qxd4 23. Bxd6 Ne8 24. Qc5+ Kd7 25. Re1 Nxd6 26. Re7+ Kxe7 27. Qc7+ Ke8 28. Qxd6 Qe5 29. Qb6 Rf8 30. Bb5+ axb5 31. Qxb5+ Kd8 32. Qb6+ 0-1

[Event "Frydek Mistek op"]
[Site "Frydek Mistek"]
[Date "1996.??.??"]
[Round "3"]
[White "Lybin, Dmitry Vitalievich"]
[Black "Kopjonkin, Gennady"]
[Result "0-1"]
[WhiteElo "2425"]
[BlackElo "2345"]
[PlyCount "84"]
[EventDate "1996.??.??"]
[EventType "swiss"]
[EventRounds "9"]
[EventCountry "CZE"]
[SourceTitle "EXT 1998"]
[Source "ChessBase"]
[SourceDate "1997.11.17"]
[SourceVersion "1"]
[SourceVersionDate "1997.11.17"]
[SourceQuality "1"]

1. d4 Nf6 2. c4 c5 3. d5 b5 4. cxb5 a6 5. e3 axb5 6. Bxb5 Qa5+ 7. Nc3 Bb7 8. Bd2 Qb6 9. Bc4 e6 10. Qf3 exd5 11. Nxd5 Bxd5 12. Bxd5 Nxd5 13. Qxd5 Qxb2 14. Qxa8 Qxa1+ 15. Ke2 Bd6 16. Qd5 Qf6 17. Nf3 Nc6 18. Rd1 Qe6 19. Bc3 Nd4+ 20. Rxd4 cxd4 21. Qxd4 f6 22. a4 0-0 23. a5 Rc8 24. Bd2 Qc4+ 25. Qxc4+ Rxc4 26. Nd4 Ra4 27. Kd3 Bb4 28. Bxb4 Rxb4 29. Kc3 Ra4 30. Nb3 Kf7 31. h4 Ke7 32. h5 Kd6 33. f3 f5 34. g3 Ke5 35. Nc5 Rxa5 36. Nxd7+ Kd5 37. Nb6+ Ke6 38. Kd4 Rb5 39. Nc4 Rd5+ 40. Kc3 Rd1 41. e4 fxe4 42. fxe4 Ra1 0-1